|
|
|
|
| LEADER |
00000cam a2200000 7i4500 |
| 001 |
0000003554 |
| 005 |
20060621.0 |
| 020 |
0 |
0 |
|a 1580170943
|
| 090 |
0 |
0 |
|a 668.5068
|b MAI
|
| 100 |
1 |
0 |
|a Maine, Sandy, ,
|d 1957-
|
| 245 |
1 |
0 |
|a Creating an herbal bodycare business
|c Sandy Maine.
|
| 260 |
0 |
0 |
|a Pownal, Vt. :
|b Storey Books ,
|c 1999.
|
| 300 |
|
|
|a 155 p. :
|b ill. ;
|c 23 cm.
|
| 440 |
0 |
0 |
|a Making a living naturally
|
| 650 |
0 |
0 |
|a Cosmetics industry
|x Management.
|
| 650 |
0 |
0 |
|a Dermatologic agents industry
|x Management.
|
| 650 |
0 |
0 |
|a Herb industry
|x Management.
|
| 650 |
0 |
0 |
|a Natural foods industry
|x Management.
|
| 650 |
0 |
0 |
|a New business enterprises
|x Management.
|
| 650 |
0 |
0 |
|a Pharmaceutical industry
|x Management.
|
| 650 |
0 |
0 |
|a Toilet preparations industry
|x Management.
|
| 999 |
|
|
|a 0000006931
|b Monograph
|c Open Shelf
|e Default branch
|